Los escritores y el viaje tricontinental : América, Europa, Asia /

Opiniones de escritores de Latinoamérica, España y México en relación al viaje que Luis Echeverría realizó en 1973 a tres continentes: América, Europa y Asia. Los escritores incluidos son: Miguel Angel Asturias, Carlos Pellicer, Germán Arciénegas, Andrés Henestrosa, Guillermo Toriello, Demetrio Agui...

תיאור מלא

שמור ב:
מידע ביבליוגרפי
מחברים אחרים: Asturias, Miguel Angel (autor) (autor)
פורמט: ספר
שפה:ספרדית
נושאים:
תגים: הוספת תג
אין תגיות, היה/י הראשונ/ה לתייג את הרשומה!

MARC

LEADER 00000nam^a2200000^a^4500
001 000131824
005 20250521000000.0
009 20260310095037.232
037 |a Acervo ITESO - Biblioteca 
041 |a ESP 
082 |a 320. 9720636  |b AST 
245 0 4 |a Los escritores y el viaje tricontinental :  |b América, Europa, Asia /  |c M.A. Asturias... [et al.]. 
264 |a México :  |b editorial no identificada,  |c 1973 
300 |a 48 p. 
336 |a texto  |b txt  |2 rdacontenido 
337 |a sin mediación  |b n  |2 rdamedio 
338 |a volumen  |b nc  |2 rdasoporte 
520 |a Opiniones de escritores de Latinoamérica, España y México en relación al viaje que Luis Echeverría realizó en 1973 a tres continentes: América, Europa y Asia. Los escritores incluidos son: Miguel Angel Asturias, Carlos Pellicer, Germán Arciénegas, Andrés Henestrosa, Guillermo Toriello, Demetrio Aguilera Malta, Fedro Guillén, Alejandro Finisterre, Edmundo Valadés, Manuel Mejía Valera y Salvador de la Cruz. De cada uno de ellos se incluye una breve biografía. 
545 0 |a Miguel Angel Asturias (1899-1974), escritor guatemalteco, se licenció como abogado en la Universidad Nacional de San Carlos, en Guatemala, ejerció el periodismo, la docencia y desempeñó cargos políticos como la de diputado y embajador. Sus obras retoman la representación del mundo mítico de sus raíces autóctonas y expresan su compromiso social y político. En 1967 recibió el Premio Nobel de Literatura. Entre sus obras se encuentran, en novelas: El señor presidente (1946), Hombres de maíz (1949), Viento fuerte (1950), El papa verde (1954), Torumbo (1956), Los ojos enterrados (1960), El alhajadito (1961), Mulata de tal (1963), Viernes de dolores (1972); en cuentos: Leyendas de Guatemala (1930), El espejo de Lida Sal (1967); en poesía: Mensajes indios (1958), Clarivigilia primaveral (1965); en teatro: Soluna (1955), La audiencia de los confines (1957). 
586 |a Premio Nobel de Literatura 1967 
649 |a XX 
650 |a Jefes de Estado Mexicanos 
650 |a Políticos Mexicanos 
650 |a Escritores Mexicanos -  |x Biografías 
650 |a Escritores Españoles -  |x Biografías 
650 |a Escritores Latinoamericanos -  |x Biografías 
650 |a Ensayos Mexicanos 
650 |a Ensayos Españoles 
650 |a Ensayos Latinoamericanos 
650 |a Giras de Trabajo (Política) 
650 |a Política Exterior -  |z México -  |x Historia -  |y 1970-1976 
650 |a Política Exterior -  |z México -  |x Historia -  |y Siglo XX 
650 |a Política -  |z México -  |x Historia -  |y 1970-1976 
650 |a Política -  |z México -  |x Historia -  |y Siglo XX 
650 |a México -  |x Condiciones Políticas 
650 |a Echeverría Alvarez, Luis 
700 |a Asturias, Miguel Angel  |e (autor) 
910 |a Fondo Salvador Reynoso Reynoso 
920 |a Impresos - Libros 
930 |a Fondos Especiales 
905 |a 112 
901 |a 0800012175  |b IT2  |c ESP  |u 20250521 
902 |a https://opac.biblio.iteso.mx/vufind/Record/000131824